Szczegóły MARC21

Germanistik : Sprachwissenschaft, Literaturwissenschaft, Schlüsselkompetenzen : mit 140 Abbildungen /

003 -Nazwa inst., której nr kontr. jest w polu 001 [,]
    • @
    • Nazwa instytucji, której n kontrolny jest w polu 001
    • NUKAT
005 -DATA I CZAS OSTATNIEJ MODYFIKACJI [,]
    • @
    • pole kontrolne
    • 20241231095547.0
020 -Międzynarod. znormalizowany nr książki - ISBN [ , ]
    • a
    • Numer ISBN
    • 9783476022981 Find
020 -Międzynarod. znormalizowany nr książki - ISBN [ , ]
    • a
    • Numer ISBN
    • 9783476003997 Find
040 -Instytucja sporządzająca opis [ , ]
    • a
    • Instytucja, która sporządziła opis (NP)
    • SZCZ U/KP
    • b
    • Język katalogowania
    • pol
    • e
    • Zasady katalogowania
    • rda
    • c
    • Instytucja, która sporządziła rekord (NP)
    • SZCZ U/KPs
942 -Rodzaj dokumentu [ , ]
    • c
    • Rodzaj dokumentu
    • Książka
100 -Hasło główne - nazwa osobowa [1, ]
    • a
    • Nazwa osobowa (NP)
    • Drügh, Heinz J.
    • d
    • Daty biograficzne (NP)
    • (1965- ).
    • e
    • Rodzaj współpracy
    • Autor
    • 9
    • KHW
    • 693309
245 -Strefa tytułu i oznaczenia odpowiedzialności [1,0]
    • a
    • Tytuł
    • Germanistik : Find
    • b
    • Ciąg dalszy tytułu (NP)
    • Sprachwissenschaft, Literaturwissenschaft, Schlüsselkompetenzen : mit 140 Abbildungen / Find
    • c
    • Pozostałe elementy strefy tytułu i oznaczenia odpowiedzialności (NP)
    • Heinz Drügh, Suzanne Komfort-Hein, Andreas Kraß, Cécile Meier, Gabriele Rohowski, Robert Seidel, Helmut Weiß ; mit Beiträgen von Hans-Heino Ewers [i 7 pozostałych].
260 -Strefa adresu wydawniczego [ , ]
    • a
    • Miejsce wydania (P)
    • Stuttgart ;
    • a
    • Miejsce wydania (P)
    • Weimar :
    • b
    • Nazwa wydawcy (P)
    • Verlag J. b. Metzler,
    • c
    • Data wydania (P)
    • cop. 2012.
300 -Strefa opisu fizycznego [ , ]
    • a
    • Określenie formy książki i/lub objętość (NP)
    • XII, 509 stron :
    • b
    • Oznaczenie ilustracji (NP)
    • ilustracje ;
    • c
    • Format (NP)
    • 26 cm.
336 -Typ zawartości [ , ]
    • a
    • Termin opisujący typ zawartości
    • Tekst
    • b
    • Kod określający zawartość
    • txt
    • 2
    • Źródło (terminu i kodu)
    • rdacontent
337 -Typ mediów [ , ]
    • a
    • Tryb odtwarzania
    • Bez urządzenia pośredniczącego
    • b
    • Kod typu mediów
    • n
    • 2
    • Źródło (terminu i kodu)
    • rdamedia
338 -Typ/rodzaj nośnika [ , ]
    • a
    • Hasło opisujące typ nośnika
    • Wolumin
    • b
    • Kod typu nośnika
    • nc
    • 2
    • Źródło (terminu i kodu)
    • rdacarrier
504 -Uwaga dot. bibliogr. załącznikowej [ , ]
    • a
    • Uwaga dot. bibliografii załącznikowej
    • Bibliografia na stronach 485-491. Indeksy.
650 -Hasło przedmiotowe [ ,7]
    • a
    • Hasło przedmiotowe
    • Filologia germańska
    • v
    • Określnik formalny
    • podręczniki.
    • 2
    • Źródło terminu
    • kaba
    • 9
    • KHW
    • 692230
700 -Hasło dodatkowe - nazwa osobowa [1, ]
    • a
    • Nazwa osobowa (NP)
    • Komfort-Hein, Susanne Find
    • d
    • Daty biograficzne (NP)
    • (1960- ).
    • e
    • Określenie rodzaju współpracy
    • Autor
    • 9
    • KHW
    • 693313
700 -Hasło dodatkowe - nazwa osobowa [1, ]
    • a
    • Nazwa osobowa (NP)
    • Kraß, Andreas Find
    • d
    • Daty biograficzne (NP)
    • (1963- ).
    • e
    • Określenie rodzaju współpracy
    • Autor
    • 9
    • KHW
    • 693311
700 -Hasło dodatkowe - nazwa osobowa [1, ]
    • a
    • Nazwa osobowa (NP)
    • Meier, Cécile. Find
    • e
    • Określenie rodzaju współpracy
    • Autor
    • 9
    • KHW
    • 693312
700 -Hasło dodatkowe - nazwa osobowa [1, ]
    • a
    • Nazwa osobowa (NP)
    • Rohowski, Gabriele Find
    • d
    • Daty biograficzne (NP)
    • (1955- ).
    • e
    • Określenie rodzaju współpracy
    • Autor
    • 9
    • KHW
    • 693307
700 -Hasło dodatkowe - nazwa osobowa [1, ]
    • a
    • Nazwa osobowa (NP)
    • Seidel, Robert Find
    • d
    • Daty biograficzne (NP)
    • (1962- ).
    • e
    • Określenie rodzaju współpracy
    • Autor
    • 9
    • KHW
    • 693308
700 -Hasło dodatkowe - nazwa osobowa [1, ]
    • a
    • Nazwa osobowa (NP)
    • Weiß, Helmut Find
    • d
    • Daty biograficzne (NP)
    • (1961- ).
    • e
    • Określenie rodzaju współpracy
    • Autor
    • 9
    • KHW
    • 693310
700 -Hasło dodatkowe - nazwa osobowa [1, ]
    • a
    • Nazwa osobowa (NP)
    • Ewers, Hans-Heino Find
    • d
    • Daty biograficzne (NP)
    • (1949- ).
    • e
    • Określenie rodzaju współpracy
    • Autor
    • 9
    • KHW
    • 603777
710 -Hasło dodatkowe - nazwa ciała zbiorowego [2, ]
    • a
    • Nazwa ciała zbiorowego lub nazwa geograficzna jako pierwszy element (NP)
    • J. B. Metzlersche Buchhandlung.
    • e
    • Rodzaj współpracy
    • Wydawca
    • 4
    • Kod relacji
    • pbl
    • 9
    • KHW
    • 438784
920 -ISBN [ , ]
    • a
    • ISBN
    • 978-3-476-02298-1 Find
920 -ISBN [ , ]
    • a
    • ISBN
    • 978-3-476-00399-7 Find
Lokalizacja Data inwentaryzacji Numer inwentarzowy Status udost. Sygnatura
BM2023-10-09BJM.2443-3Germ. Opracowania zbiorowe 04
BM2023-10-09G.219001